| 000 | 01704nam0a2200337 4500 | ||
|---|---|---|---|
| 001 | RU\NLR\BIBL_A\012575241 | ||
| 005 | 20220805181519.0 | ||
| 010 |
_a978-588866-789-7 _9500 |
||
| 021 |
_aRU _bКН-П-21-022778 _9КН-П-21-1771 |
||
| 035 | _a(NLR Aleph) 012575241 | ||
| 090 |
_a12504159 _c12504159 |
||
| 100 | _a20210805d2019 k y0rusy50 ca | ||
| 101 | 0 | _arus | |
| 102 | _aRU | ||
| 105 | _ay z 000 y | ||
| 181 | 0 |
_ai _baxxe |
|
| 182 | 0 | _an | |
| 200 | 1 |
_aТранспортный коридор "Север-Юг" в региональном и глобальном контекстах: документы и материалы _eмонография _fА.К. Магомедов _gМинистерство науки и высшего образования Российской Федерации, Федеральное государственное бюджетное образовательное учреждение высшего образования "Ульяновский государственный университет", Факультет культуры и искусства |
|
| 203 |
_aТекст _bвизуальный _cнепосредственный |
||
| 210 |
_aУльяновск _cУлГУ _d2019 |
||
| 215 |
_a279, [1] с. _d21 |
||
| 320 | _aБиблиогр.: с. 273-279 (54 назв.) | ||
| 606 | 1 |
_aТранспортные коридоры международные _92301867 _3RU\NLR\AUTH\661378075 |
|
| 686 | 1 | _aУ37(0)-961 | |
| 686 | 1 | _aУ37(0)8 | |
| 700 | 1 |
_aМагомедов _bА. К. _gАрбахан Курбанович |
|
| 942 | _cBOOK | ||
| 980 | _aNBR | ||
| 980 | _aNB | ||